| 000 | 00000nam##2200000za#4500 |
| 001 | 9.681143 |
| 003 | CaOODSP |
| 005 | 20240710082141 |
| 007 | ta |
| 008 | 150407|2000||||xxc||||| f|0| 0 fre|d |
| 020 | |a0-662-84747-4 |
| 040 | |aCaOODSP|bfre |
| 043 | |an-cn--- |
| 086 | 1 |aMR21-22/2000F |
| 110 | 2 |aInstituts de recherche en santé du Canada. |
| 245 | 10|aRecueil des dispositions législatives canadiennes sur la protection des renseignements personnelles dans le contexte de la recherche en santé / |cPréparé sous la direction de Patricia Kosseim. |
| 260 | |aOttawa - Ontario : |bInstituts de recherche en santé du Canada |c2000. |
| 300 | |a1 vol. en pagination multiple. ; |c22 cm. |
| 500 | |aSommaire: Droit à la vie privée.--Délit civil d'atteinte à la vie privée.--Définitions.--Collecte.--Utilisation et communication.--Consentement et décisions au nom d'autrui.--Protection, conservation et destruction.--Dossiers électroniques et couplage de données.--Normes d'éthique. |
| 563 | |aReliure à spirale |
| 590 | |a01-02|b2001-01-12 |
| 691 | 07|aConfidentialité|2gcpds |
| 691 | 07|aDroit médical|2gcpds |
| 691 | 07|aRecherche médicale|2gcpds |
| 720 | 1 |aKosseim, Patricia |
| 775 | 08|tA compendium of Canadian legislation respecting the protection of personal information in health research / |w(CaOODSP)9.647762 |
| 776 | 0#|tRecueil des dispositions législatives canadiennes sur la protection des renseignements personnels dans le contexte de la recherche en santé / |w(CaOODSP)9.640505 |